Forza Horizon festival events - Estadísticas

Estadísticas generales
  • Esta prueba ha sido intentada 2 veces
  • La puntuación promedio es 54 de 78
Estadísticas de respuestas
Hint Respuesta % Correcto
Adidas Lakeside Landslide
100%
Adidas Rock Rage
100%
Adidas Viva Red Rock!
100%
Advan Asphalt Attack
100%
Ali Howard
100%
Bondurant Pro Hatch
100%
Brembo Italiano
100%
Brembo Midnight Blast
100%
Bridgestone Valley Rush
100%
Bridgestone Valley Rush
100%
Champion of Champions
100%
Darius Flynt
100%
Dodge Brawl
100%
Duke Maguire
100%
Blue Wristband Fatlace Chase
100%
Fatlace Hot Hatch Hustle
100%
Ferrari Campione
100%
Golden Wristband Ferrari Massimo
100%
Ford Challenge
100%
Gillette Valley Sprint
100%
Gopro Milennia Masters
100%
G-Shock Storm Run
100%
G-Shock Super Sprint
100%
Hailey Harper
100%
Lamborghini: The Bullfight
100%
Marko Varan
100%
Mega Tune
100%
Nissan Max
100%
Oakley Blitz
100%
Oakley Heat Wave
100%
Oakley High Rollers
100%
Old Spice Brawl
100%
Old Spice Mega Muscle
100%
Old Spice US Muscle Mash
100%
Ramona Cravasche
100%
Recaro 70's Rockout
100%
Recaro Redline
100%
Yellow Wristband Recaro Rush
100%
RUF Mayhem
100%
The Gauntlet
100%
Ultimate Mega Tune
100%
Yokohama GTX
100%
Yokohama Pro Tune
100%
Zaki Malik
100%
Aston Martin Outrun
50%
Audi Elite
50%
BBS Showdown
50%
Bentley Charge
50%
BMW Battle
50%
Bondurant Enduro
50%
Bondurant Super GP
50%
Bose 80's Frenzy
50%
Bose Speed Strasse
50%
Bridgestone Speedball
50%
Chevrolet Chevy Chase
50%
Purple Wristband Chevron Sixties Speedway
50%
Orange Wristband Edifice Carson Challenge
50%
Goodyear Euro Raid
50%
Illest Speed Britannia
50%
Oakley British Elite
50%
Oakley Juggernauts
50%
The Viper Challenge
50%
VW Dub Club
50%
Adidas Urban Avalanche
0%
BBS Trailblazers Blasters
0%
Bondurant Valley Skirmish
0%
Dodge Charge
0%
Goodyear Mountain Blast
0%
Gopro Euro Cross
0%
G-Shock 90's Classic
0%
Pink Wristband G-Shock Ridge Rave
0%
G-Shock Steel Slam
0%
Green Wristband Illest Eastern Steel
0%
Lotus Challenge
0%
Mini Mayhem
0%
Recaro Red Rock Rampage
0%
Rockstar Cliff Run
0%
Rockstar Dirt Raid
0%
No se encontraron pruebas coincidentes
Distribución de puntuación
Porcentaje de gente con cada puntuación
Porcentaje por número respondido
Historial de tus puntuaciones
No has intentado esta prueba.